Miasta w Azji na mapie #1 - Statystyki

Ogólne statystyki
  • Ten quiz został rozwiązany 14 razy
  • Średni wynik to 28 z 40
Odpowiedzi na mapie
Odpowiedzi zakodowano w zielono-czerwonej skali na mapie do tego quizu, zgodnie z poniższymi procentami.
 
Statystyki odpowiedzi
Miasto % Poprawnych
Ankara
100%
Baku
100%
Bangkok
100%
Pekin
100%
Teheran
100%
Tokio
100%
Ułan Bator
100%
Osaka
93%
Rijad
93%
Seul
93%
Dubaj
86%
Kabul
86%
Manila
86%
Pjongjang
86%
Szanghaj
86%
Tajpej
86%
Tel Awiw
86%
Dżakarta
79%
Islamabad
79%
Katmandu
79%
Mumbaj
79%
Delhi
71%
Kanton
71%
Karaczi
71%
Maskat
71%
Singapur
71%
Busan
64%
Male
64%
Taszkent
64%
Aleppo
50%
Kalkata
50%
Phnom Penh
50%
Wuhan
50%
Dżedda
43%
Antalya
36%
Ho Chi Minh
29%
Xiamen
21%
Lahaur
14%
Chengdu
7%
Mandalaj
0%
Nie znaleziono quizów pasujących do podanych kryteriów
Rozkład punktacji
Procent ludzi z każdym wynikiem
Percentyl według liczby udzielonych odpowiedzi
Twoja historia wyników
Nie rozwiązałeś tego quizu